00355 2200145 4500001002100000005001500021035002000036245005700056100003300113300000800146260002100154082000800175084001400183990001200197INLIS00000000000218320250527125058 a0010-05250004751 aTranslental Quetient /cStah Muharnis Harry Sidharta0 aStah Muharnis Harry Sidharta a229 bRepublika,c2007 a297 a297 STA t a0712595